000 00584nam a2200181Ia 4500
003 GCL
008 140319s9999 xx 000 0 ara d
040 _aGCL /
_cGCL
082 0 4 _a250
_bا ا
100 1 _aابى حنيفة النعمان
245 1 0 _aالفتاوى الهندية فى مذهب الامام الاعظم ابى حنيفة النعمان /
_cابى حنيفة النعمان
260 _a[S.N] :
_bدار صادر
300 _a574 ص
490 _a
650 0 4 _aالفلسفة الاسلامية
650 0 4 _aالفقه الاسلامى
942 _2ddc
_cBK
999 _c56822
_d56822